Departamentos de Mendoza - Estadísticas

Estadísticas generales
  • Esta prueba ha sido intentada 123 veces
  • La puntuación promedio es 12 de 18
Estadísticas de respuestas
Departamento
% Correcto
Ciudad de Mendoza
94%
San Rafael
88%
Maipú
84%
Malargüe
82%
Godoy Cruz
76%
Las Heras
76%
Luján de Cuyo
76%
Guaymallén
72%
San Martín
69%
Tupungato
67%
General Alvear
63%
Rivadavia
63%
Tunuyán
61%
San Carlos
57%
Lavalle
55%
Santa Rosa
51%
La Paz
46%
Junín
45%
No se encontraron pruebas coincidentes
Distribución de puntuación
Porcentaje de gente con cada puntuación
Porcentaje por número respondido
Historial de tus puntuaciones
No has intentado esta prueba.